01002nam a2200229 i 450000100060000000300090000600500170001500700030003200800410003508000370007608000370011308000370015010000330018724501960022026001100041630000440052660000500057065500400062070000300066071000290069085200530071942436ES-MaACL20250821063019.0t|151207s2011 sp ||||1| spa d a74 Kovatchev, Valentin (083.824) a75 Kovatchev, Valentin (083.824) a76 Kovatchev, Valentin (083.824)1 aKovatchev, Valentin, d1953-10aDos almas, una esencia : bdel 25 de mayo al 25 de junio de 2011 : Sala de Exposiciones del Rectorado, Universidad de Málaga / cValentin Kovatchev ; [comisariado, Rosario Escobar Segovia]. a[Málaga] : bUniversidad de Málaga, Vicerrectorado de Cultura y Relaciones Institucionales, c[ 2011] a77 p. : bil. col. y n. ; c28 x 24 cm.17aKovatchev, Valentin, d1953- vExposiciones2 72tgfbneaCatálogos de exposiciones1 aEscobar Segovia, Rosario.2 aUniversidad de Málaga. aES-MaACLjA-13461bR.150540cDEPO1dOlim: N-6461